| 000 | 00420nam a22001577a 4500 | ||
|---|---|---|---|
| 005 | 20251120143955.0 | ||
| 008 | 251120b |||||||| |||| 00| 0 eng d | ||
| 020 | _a979-8-88715-120-5 | ||
| 100 | _aMALCOLM, DAVID | ||
| 245 | _aECO-TOURISM AND ENVIRONMENTAL MANAGEMENT | ||
| 260 |
_aDUBLIN, OH _bORYSON PRESS _c2023 |
||
| 300 | _aVIII, 290P. | ||
| 500 | _aINCLUDES INDEX | ||
| 650 | _aECOTOURISM | ||
| 942 |
_2lcc _cBK |
||
| 999 |
_c216235 _d216235 |
||